Градуировка гигрометров в условиях эксплуатации; Измерительная техника; № 4

Dettagli Bibliografici
Parent link:Измерительная техника=Measurement Techniques: научно-технический журнал/ Российская Федерация, Федеральное агентство по техническому регулированию и метрологии (Ростехрегулирование) (Госстандарт России).— , 1940-1941, 1955-.— 0368-1025
№ 4.— 2003.— С. 51-53
Autore principale: Рутенберг О. Л.
Altri autori: Студеникин С. А.
Lingua:russo
Pubblicazione: 2003
Serie:Физико-химические измерения
Soggetti:
Natura: Capitolo di libro
KOHA link:https://koha.lib.tpu.ru/cgi-bin/koha/opac-detail.pl?biblionumber=387288

MARC

LEADER 00000naa2a2200000 4500
001 387288
005 20231101063606.0
035 |a (RuTPU)RU\TPU\prd\16829 
090 |a 387288 
100 |a 20030902a2003 k y0rusy50 ca 
101 0 |a rus 
102 |a RU 
200 1 |a Градуировка гигрометров в условиях эксплуатации  |f О. Л. Рутенберг, С. А. Студеникин 
225 1 |a Физико-химические измерения 
320 |a Библиогр.: 1 назв. 
461 1 |0 (RuTPU)RU\TPU\prd\1509  |x 0368-1025  |t Измерительная техника  |l Measurement Techniques  |o научно-технический журнал  |f Российская Федерация, Федеральное агентство по техническому регулированию и метрологии (Ростехрегулирование) (Госстандарт России)  |d 1940-1941, 1955- 
463 1 |0 (RuTPU)RU\TPU\prd\16180  |t № 4  |v С. 51-53  |d 2003 
610 1 |a влажность 
610 1 |a гигрометры 
610 1 |a градуировка 
610 1 |a эксплуатация 
675 |a 533.275  |v 3 
700 1 |a Рутенберг  |b О. Л. 
701 1 |a Студеникин  |b С. А. 
801 1 |a RU  |b 63413507  |c 20030902  |g PSBO 
801 2 |a RU  |b 63413507  |c 20121217  |g RCR 
942 |c BK